حول تشكيل العقل المسلم / hawl tashkil aleaql almuslim / (Record no. 81011)
[ view plain ]
| 000 -LEADER | |
|---|---|
| fixed length control field | 01342nam a2200277 a 4500 |
| 001 - CONTROL NUMBER | |
| control field | 81011 |
| 003 - CONTROL NUMBER IDENTIFIER | |
| rucl marc code | BD-RjUL |
| 005 - DATE AND TIME OF LATEST TRANSACTION | |
| control field | 20221223184022.0 |
| 008 - FIXED-LENGTH DATA ELEMENTS--GENERAL INFORMATION | |
| fixed length control field | 221222s1995 vau 000 0 ara d |
| 020 ## - INTERNATIONAL STANDARD BOOK NUMBER | |
| International Standard Book Number | 0912463775 |
| 035 ## - SYSTEM CONTROL NUMBER | |
| System control number | (BD-RjUL)81011 |
| 040 ## - CATALOGING SOURCE | |
| Original cataloging agency | NNL |
| Language of cataloging | ara |
| Transcribing agency | BD-RjUL |
| 041 ## - LANGUAGE CODE | |
| Language code of text/sound track or separate title | ara |
| 082 ## - DEWEY DECIMAL CLASSIFICATION NUMBER | |
| Edition number | 23 |
| Classification number | 909.097671 |
| Author mark and year | KAH 1995 |
| 100 1# - MAIN ENTRY--PERSONAL NAME | |
| Personal name | Khalil, Imad Uddin خليل، عماد الدين |
| 9 (RLIN) | 6415 |
| 245 10 - TITLE STATEMENT | |
| Title | حول تشكيل العقل المسلم / hawl tashkil aleaql almuslim / |
| Statement of responsibility, etc. | [تاليف] عماد الدين خليل.Imad Uddin Khalil. |
| 250 ## - EDITION STATEMENT | |
| Edition statement | 5th ed, الطبعة الخامسه |
| 260 ## - PUBLICATION, DISTRIBUTION, ETC. (IMPRINT) | |
| Place of publication, distribution, etc. | هيرندن، فيرجينيا : |
| Name of publisher, distributor, etc. | المعهد العالمى للفكر الاسلامى، almaehad alealamaa lilfikr aliaslamaa، |
| Date of publication, distribution, etc. | 1995 |
| 300 ## - PHYSICAL DESCRIPTION | |
| Pagination | ١٨٠ص. |
| 490 1# - SERIES STATEMENT | |
| Series statement | silsilat qadaya alfikr alaslamii (hirndin (firjinya)) ; سلسلة قضايا الفكر الاسلامي (هيرندن (فرجينيا)) ؛ |
| Volume/sequential designation | ٦ |
| 650 #4 - SUBJECT ADDED ENTRY--TOPICAL TERM | |
| Topical term or geographic name as entry element | Islam |
| General subdivision | History |
| Chronological subdivision | 19th century |
| 9 (RLIN) | 6416 |
| Topical term or geographic name as entry element | Islam |
| General subdivision | History |
| Chronological subdivision | 20th century |
| 9 (RLIN) | 6417 |
| 710 2# - ADDED ENTRY--CORPORATE NAME | |
| Corporate name or jurisdiction name as entry element | المعهد العالمي للفكر الاسلامي |
| 9 (RLIN) | 848 |
| 830 #0 - SERIES ADDED ENTRY--UNIFORM TITLE | |
| Uniform title | سلسلة قضايا الفكر الاسلامي (هيرندن (فرجينيا)) ;silsilat qadaya alfikr alaslamii (hirndin (firjinya)) ; |
| Volume number/sequential designation | ٦. |
| 942 ## - ADDED ENTRY ELEMENTS (KOHA) | |
| Source of classification or shelving scheme | Dewey Decimal Classification |
| Koha item type | Books |
| Lost status | Source of classification or shelving scheme | Damaged status | Not for loan | Collection code | Permanent Location | Current Location | Shelving location | Date acquired | Source of acquisition | Full call number | Date last seen | Copy number | Koha item type |
|---|---|---|---|---|---|---|---|---|---|---|---|---|---|
| Dewey Decimal Classification | Not For Loan | Non-fiction | Central Library, University of Rajshahi | Central Library, University of Rajshahi | Reading Room | 29/09/1996 | Bangladesh Institute of Islamic thought | A 909.097671 KHH 1995 | 23/12/2022 | C-1 | Books |